000 00532nam a2200229 a 4500
001 0001-1206
003 ELIB.Books
008 150519 2010 eng
020 _aKBTS
035 _a(ELIB.Books)0001-1361
092 _aJ
_bYao
100 _aYao, Kevin Xeller.
245 _aThe Legacy of Frank
260 _c2015
300 _cVol. 39, No.1
500 _aLibrary
650 _aMission
856 _nKBTS: Library
_uKBTS: Elib
942 _2ddc
_cBK
998 _cbat
_e2015-05-19
999 _c11206
_d11206